Návrh mobilnej aplikácie pre navigáciu v budove na platforme Android

Enregistré dans:
Détails bibliographiques
Auteur principal: Kravárik, Mikuláš (Auteur)
Autres auteurs: Špendla, Lukáš (Directeur de thèse)
Format: Manuscrit Livre
Langue:slovaque
Publié: 2019
Sujets:
Accès en ligne:http://is.stuba.sk/zp/portal_zp.pl?podrobnosti=146809
Tags: Ajouter un tag
Pas de tags, Soyez le premier à ajouter un tag!

MARC

LEADER 00000ntm a22000003a 4500
001 stuzp72054
003 SK-STU
005 20190615211813.2
007 ta
008 150427s2015----xo-----f-mn---000-0-slo-d
040 |a STU  |b slo 
041 0 |a slo 
100 1 |a Kravárik, Mikuláš  |u 066000  |k Z4  |4 aut  |U MTF Materiálovotechnologická fakulta  |T MTF Ústav aplikovanej informatiky, automatizácie a mechatroniky  |X 48598  |U M6000  |Y 86  |7 48598 
242 0 1 |a Design of mobile application for indoor navigation for Android  |y eng 
245 1 0 |a Návrh mobilnej aplikácie pre navigáciu v budove na platforme Android 
260 |c 2019 
650 4 |a Android  |2 slo 
650 4 |a Navigácia  |2 slo 
650 4 |a Java  |2 slo 
650 4 |a Navigation  |2 eng 
650 4 |a Java  |2 eng 
650 4 |a Android  |2 eng 
700 1 |a Špendla, Lukáš  |u 066000  |k Z1  |4 ths  |U MTF Materiálovotechnologická fakulta  |T MTF Ústav aplikovanej informatiky, automatizácie a mechatroniky  |X 52333  |U M6000  |Y 86  |7 A000052333 
856 4 |u http://is.stuba.sk/zp/portal_zp.pl?podrobnosti=146809 
996 |c M* DP-13868  |l MMSKP  |s P  |a 0  |w stuzp72054_0001